Χρηματοοικονομικά : τεχνικά επαγγελματικά εκπαιδευτήρια
Saved in:
| Main Author: | |
|---|---|
| Corporate Author: | |
| Other Authors: | , |
| Format: | Book |
| Language: | Greek |
| Published: |
Αθήνα :
Οργανισμός Εκδόσεως Διδακτικών Βιβλίων,
2002.
|
| Subjects: | |
| Tags: |
Add Tag
No Tags, Be the first to tag this record!
|
MARC
| LEADER | 00000cam a2200000 i 4500 | ||
|---|---|---|---|
| 001 | 1/74259 | ||
| 008 | 050323s2002 gr | ||| |||| ||gre|| | ||
| 035 | |l 10077331 | ||
| 040 | |a GR-MyUA |b gre |e AACR2 | ||
| 041 | 0 | |a gre | |
| 082 | 0 | |a 332 |2 (21) | |
| 100 | 1 | |a Αρσένος, Παναγιώτης Ι., |d 1961- | |
| 245 | 1 | 0 | |a Χρηματοοικονομικά : |b τεχνικά επαγγελματικά εκπαιδευτήρια / |c Αρσένος Παναγιώτης, Κάντζος Κωνσταντίνος, Μαργαρώνης Κωνσταντίνος. |
| 260 | |a Αθήνα : |b Οργανισμός Εκδόσεως Διδακτικών Βιβλίων, |c 2002. | ||
| 300 | |a 133 σ. : |b εικ. ; |c 24 εκ. | ||
| 500 | |a Β' τάξη 1ου κύκλου, ειδικότητας Υπαλλήλων Οικονομικών Υπηρεσιών, Τομέας Οικονομίας και Διοίκησης. | ||
| 650 | 0 | 0 | |a Finance |x Study and teaching (higher) |
| 650 | 0 | 0 | |a Money |x Study and teaching (higher) |
| 650 | 0 | 0 | |a Investments |x Study and teaching (higher) |
| 650 | 0 | 0 | |a Capital |x Study and teaching (higher) |
| 700 | 1 | |a Κάντζος, Κωνσταντίνος. | |
| 700 | 1 | |a Μαργαρώνης, Κωνσταντίνος Γ. | |
| 710 | 2 | |a Υπουργείο Εθνικής Παιδείας και Θρησκευμάτων |b Παιδαγωγικό Ινστιτούτο. | |
| 852 | |a INST |b SAMOS |e 20050323 |h 332 ΑΡΣ |p 005300025268 |q 005300025268 |t BK |y 0 | ||
| 901 | |a BIBL3-2005-1 | ||
| 909 | |a Σ |b 114421 | ||
| 970 | |a ΜΑΛΑΓΑΡΗ |b ΦΩΤΕΙΝΗ |z 2005/03/23 | ||